000
00261nam a2200109Ia 4500
008
220714s9999 xx 000 0 und d
020
_a
978-07089-45761
082
_a
EF ROB
100
_a
DENISE ROBERTSON
_9
170733
245
0
_a
BLUE REMBERED HILLS
942
_c
BK
_w
561
_x
John Tresidder
_y
561
_z
John Tresidder
999
_c
726549
_d
726548